Безопасност и хигиена на труда при получаване и преработка на каучук (Запис номер 381771)
[ съкратено ]
| 000 -Лидер | |
|---|---|
| Контролно поле с фиксирана дължина | 01340nam a2200349 c 4500 |
| 003 - Код на организацията, давaща контролен номер | |
| Контролно поле | BLK |
| 005 - Дата и час на последна редакция | |
| Контролно поле | 20200812144357.0 |
| 008 - Елементи от данни с фиксирана дължина | |
| fixed length control field | 200316b bul|||||r ||||||| ||bul|| |
| 010 ## - Наследен системен номер | |
| LC control number | KNG00184082RET |
| 040 ## - Източник на каталожния запис | |
| Идентификатор на билиотеката - собственик на записа | BLK |
| 041 ## - Код за език | |
| Код за езика на текст/звукозапис или на отделно заглавие | Български |
| Код за езика КДБФ | Български |
| 080 ## - УДК | |
| Текстов определител УДК | Взаимоотношения в предприятията. Производствени взаимоотношения. Управление на персонала |
| УДК код - определител по УДК | 658.3 |
| УДК - код + определител | 658.3+613.6 |
| 080 ## - УДК | |
| Текстов определител УДК | Професионални вредности. Хигиена на труда. вж и 331.47 ; 614.8 ; 628.5 |
| УДК код - определител по УДК | 613.6 |
| УДК - код + определител | 613.6 |
| 100 1# - Редна дума - Автор | |
| Автор | Желязков, Марин Д. |
| Авторска отговорност | първи автор |
| R(LIN) | 426865 |
| 139 ## - Редно поле | |
| Редна дума | Желязков, Марин Д. |
| 245 10 - Сведения за заглавието | |
| Заглавие | Безопасност и хигиена на труда при получаване и преработка на каучук |
| Редно поле (дума) | Марин Д. Желязков. |
| 257 ## - Страна на издаване | |
| Страна на създаване/издаване | България |
| 260 ## - Област на издателските данни | |
| Място на издаване, разпространение и проч. | София |
| Име на издателя, разпространителя и проч. | Профиздат |
| Година на издаване | 1968 |
| 300 ## - Физическа характеристика | |
| Страници | 72 с. |
| Размери/Мащаб | 18 см |
| 380 ## - Жанр | |
| Жанр | Техника |
| 490 1# - СЕРИИ (Колекции) | |
| Име на серия | Библиотека Охрана на труда |
| №: серия | 102 |
| 500 ## - Общи забележки | |
| Забележка | 2 115 тир. |
| 650 #4 - Допълнително описание по предмет – тема | |
| Основно описание – тема или топоним | Каучукова промишленост - Хигиена и охрана на труда |
| 9 (RLIN) | 158397 |
| 653 #7 - Ключова дума – ненормативна | |
| Ключова дума | безопасност |
| 9 (RLIN) | 181764 |
| 852 ## - Местоположение | |
| Форматна сигнатура | Цб І 10092 |
| 856 4# - Електронен адрес и достъп | |
| Електронен формат | pdf - файл |
| Път до файла /url/ | |
| 856 4# - Електронен адрес и достъп | |
| Електронен формат | pdf - файл |
| Път до файла /url/ | |
| 999 ## - СИСТЕМНИ КОНТРОЛНИ НОМЕРА | |
| Koha biblionumber | 381771 |
| Koha biblioitemnumber | 381771 |
| 942 ## - АРТИКУЛИ | |
| Вид на библиотечния материал | Книги |
| Скрит в OPAC | Не |
| Периодичен библиозапис | Да |
| 944 ## - СЪЗДАВАНЕ И РЕДАКЦИЯ на ЗАПИСА | |
| Създаване/Редакция | Създаване |
| Дата на регистрацията/редакция | 2020-08-12 |
| Служител, извършил регистрацията/редакцията | Мартин Енчев |
| 999 ## - СИСТЕМНИ КОНТРОЛНИ НОМЕРА | |
| Koha biblioitemnumber | 518467 |
| Код за отписване | Код за изгубен артикул | Източник на класификационната схема | Код за повреда | Коз за рестрикции | Код за отдаване | Артикулен № | Име на библиотеката - собственик | Име на библиотеката, в която се намира в момента | Статус (Текущо местоположение) | Дата на вписване в системата | Местоположение - отдел | Цена в лева | Инвентарен номер | Систематично азбучна сигнатура | Баркод | Цена в евро | Служебен тип на артикула |
|---|---|---|---|---|---|---|---|---|---|---|---|---|---|---|---|---|---|
| Не е изгубен | Universal Decimal Classification | Не е повреден | само за читалня | ползва се в читалня | 791202 | Регионална библиотека "Любен Каравелов" Русе | Регионална библиотека "Любен Каравелов" Русе | Хранилище | 2020-08-14 | Хранилище | 0.20 | 11412/68 | Цб I 10092 | 900000030466 | 0.10 | Книги |